La pharmacie en Espagne sous le règne du Roi Amédée 1 / (Record no. 167838)

MARC details
000 -LEADER
campo de control de longitud fija 00722nam a2200181 i 4500
001 - NÚMERO DE CONTROL
campo de control 167838
003 - IDENTIFICADOR DE NÚMERO DE CONTROL
campo de control ES-MaACL
005 - FECHA Y HORA DE LA ÚLTIMA TRANSACCIÓN
campo de control 20230906213615.0
008 - DATOS DE LONGITUD FIJA--INFORMACIÓN GENERAL
campo de control de longitud fija 991018s1872 be |||| | fre d
040 ## - FUENTE DE CATALOGACIÓN
Centro catalogador/agencia de origen M-RAF
Lengua de catalogación spa
Centro/agencia transcriptor M-RAF
Centro/agencia modificador CCPB | B
100 1# - ENTRADA PRINCIPAL--NOMBRE DE PERSONA
Nombre de persona Walle, van de.
9 (RLIN) 133869
245 13 - MENCIÓN DEL TÍTULO
Título La pharmacie en Espagne sous le règne du Roi Amédée 1 /
Mención de responsabilidad, etc. par van de Walle et A. T. de Meyer.
260 ## - PUBLICACIÓN, DISTRIBUCIÓN, ETC.
Lugar de publicación, distribución, etc. Bruxelles :
Nombre del editor, distribuidor, etc. [s.n.],
Fecha de publicación, distribución, etc. 1872 (
Fabricante Imprimerie Combe et Vande Weghe)
300 ## - DESCRIPCIÓN FÍSICA
Extensión 15 p. ;
Dimensiones 20 cm.
650 #4 - PUNTO DE ACCESO ADICIONAL DE MATERIA--TÉRMINO DE MATERIA
Término de materia o nombre geográfico como elemento de entrada Farmacia-
Subdivisión geográfica España.
9 (RLIN) 136087
700 10 - ENTRADA AGREGADA--NOMBRE PERSONAL
Nombre de persona Meyer, A. T. de.
9 (RLIN) 129886
852 ## - LOCALIZACIÓN
Ubicación ES-MaACL
Número de control de estantería T-414-F-2
Nota libre -- Enc. hol.
-- -- Firma de Gustavo Sáenz Diez
condición física -- Falto de la cub. original
Nota libre -- Enc. en un vol. facticio
Holdings
Estatus retirado Estado de pérdida Estado de daño No para préstamo Colección Biblioteca de origen Biblioteca actual Ubicación en estantería Fecha de adquisición Total de préstamos Signatura topográfica completa Código de barras Visto por última vez Precio de reemplazo Tipo de ítem Koha
        Colección de folletos Biblioteca del Ateneo de Madrid Biblioteca del Ateneo de Madrid Depósito folletos 17/01/2008   T-414-F-2 1176081 23/02/2023 23/02/2023 Folleto